000 00652nam a2200265Ia 4500
005 20260324153208.0
008 008 260324s9999 xx 000 0 eng d
020 _a9780081005941
037 _aEBOOK
040 _aCRL
040 _beng
040 _cCRL
041 _2eng
041 _aeng
084 _qCRL
100 _aSingh, Sarjinder
_91230840
245 2 _aA New Concept for Tuning Design Weights in Survey Sampling
260 _bElsevier
260 _c2016
650 _aMathematics
856 _uhttps://www.sciencedirect.com/science/book/9780081005941
942 _cEBOOK
999 _c1842133
_d1842133